000 00259nam a2200109Ia 4500
999 _c8040
_d8040
020 _a978-8131727249
100 _aRonald J. Tocci
245 0 _aDigital Systems Principles and Applications
260 _aUSA
_bMicrosoft Press
_c1997
300 _a913
942 _cBK